000 00564nam a2200193 i 4500
001 62420
003 ES-MaACL
005 20230906164650.0
007 t|
008 031120s1972 sp ||||1| spa d
100 1 _aFernández, Pelayo H.
_9176611
245 1 0 _aRamón Pérez de Ayala
_b: tres novelas analizadas /
_cPelayo H. Fernández.
260 _aGijón :
_bYepes,
_c[1972]
300 _a111 p. ;
_c20 cm.
852 _aES-MaACL
_jC-56054
_bR.88496
852 _aES-MaACL
_jC-56055
_bR.88498
852 _aES-MaACL
_jA-6381
_bR.95302
999 _c62420
_d62420